000 00847nam a2200241 i 4500
001 155047
003 ES-MaACL
005 20240301063056.0
008 980602s1888 gw |||| | ger d
040 _bspa
_cES-MaACL
100 1 _aHaebler, Konrad.
_9187917
_eaut
245 1 4 _aDie wirtschaftliche Blüte Spaniens im 16. Jahrhundert ind ihr Verfall /
_cvon Konrad Häbler.
260 _aBerlin :
_bR. Gaertners Verlagsbuchhandlung,
_c1888
300 _a179 páginas ;
_c24 cm.
490 1 _aHistorische untersuchungen ;
_v9
651 7 _aEspaña-
_xSituación económica-
_y1516-1556
_9167673
752 _aAlemania -
_dBerlin
830 0 _aHistorische untersuchungen ;
_v9
_9221534
852 _aES-MaACL
_jG-1701
_z-- Enc. hol.
942 _cMONOGRAFIA
_n0
999 _c155047
_d155047